Statistics for Flags Within Norway's Flag Map Quiz

Click here to take the quiz!

General Stats

  • This quiz has been taken 385 times
    (383 since last reset)
  • The average score is 6 of 6

Answers on the Map

Answers color-coded by a green-red scale on the quiz's map according to % correct below.
 

Answer Stats

Country% Correct
Finland
98%
Poland
98%
France
97%
Monaco | Indonesia
96%
Netherlands
95%
Thailand
93%

Score Distribution

Percentile by Number Answered

Percent of People with Each Score

Your Score History

You have not taken this quiz since the last reset